000 00476cam a22001571 4500
082 _a338.9
_bMEA
100 1 _aMeade, J. E.
_937821
245 0 3 _aAn introduction to economic analysis and policy,
_cby J. E. Meade .
260 _aOxford,
_bThe Clarendon Press,
_c1936.
300 _axv, 392 p.
_bfold. tables.
_c20 cm.
526 _a0
_b0
_c0
_d338_900000000000000_MEA
650 0 _aEconomic policy.
_95666
650 0 _aEconomics.
_91437
650 0 _aMCE
_9379
942 _2ddc
_cBK
999 _c552482
_d552482